000 00698cam a2200229 a 4500
001 3962329
005 20171219073322.0
008 941028s1995 nyua b 000 0 eng
010 _a 94042560
020 _a0826408095 (hbd)
040 _aDLC
_cDLC
_dDLC
041 _aeng
080 _a220.6019 MIL
082 0 0 _a220.6019 MIL
_220
100 _a24
101 _aTEO
245 0 0 _aJung and the interpretation of the Bible /
_cedited by David L. Miller.
504 _aIncludes bibliographical references (p. [133]-143).
906 _a7
_bcbc
_corignew
_d1
_eocip
_f19
_gy-gencatlg
942 _2ddc
_cBK
999 _c39167
_d39167